000 nam a22 a 4500
999 _c164766
_d164766
003 BLK
005 20220609113225.0
008 180410b bul|||||r ||||||| ||bul||
010 _aKNG00172310000
040 _aBLK
041 _aBUL
_cBUL
080 _aНемска литература
_b821.112.2
_x-3
_z821.112.2-3
100 1 _aГрабнер, Хасо
_eпърви автор
_955628
139 _aГрабнер, Хасо
_bГ 74
245 1 0 _aЧовекът с жълтата чанта
_bРоман
_cХасо Грабнер; прев. от нем. Елена Попова.
257 _aBGR
260 _bДърж. воен. изд.
_c1967
_aСофия
300 _a168 с.
_c21 см
380 _aX
490 _aГероика и приключения
_9204782
700 1 _aПопова, Елена
_eпрев. от нем.
_9368538
852 _aЦб 42925
_bЦб
856 4 _qpdf
856 4 _qpdf
942 _cKNG
_n0
_s1
944 _aCR
_c27.02.2015
_kРенета_Константинова
944 _aED
_c26.09.2017
_kВася_Ганчева
999 _d164766